Geography Quiz

Random Geography or World Quiz
Score 0/17 Timer 03:00
3 Plays Today
Country % Correct
CCanada, China, Cuba, Costa Rica
93.2%
AAndorra, Angola, Antigua and Barbuda, Argentina
91%
GGhana, Grenada, Guatemala, Guinea, Guyana
88.7%
UUganda
76.6%
SSamoa, South Korea, South Africa, Sri Lanka
75%
VVenezuela
72.8%
JJamaica
72.5%
RRwanda
72.2%
EEritrea, Equatorial Guinea
71.9%
Country % Correct
KKenya
69.3%
PPanama, Papua New Guinea
69.1%
MMoldova, Malta
67.6%
NNicaragua, North Korea
67.2%
BBotswana, Bosnia and Herzegovina
63%
DDominica
58.5%
LLibya
56%
TTonga
53.4%
Remove Ads.
Support Sporcle.
Get the best of Sporcle when you Go Orange. This ad-free experience offers more features, more stats, and more fun while also helping to support Sporcle. Thank you for becoming a member.

You're not logged in!

Compare scores with friends on all Sporcle quizzes.
OR
Log In

Show Comments

Extras

Top Quizzes Today


Score Distribution

Your Account Isn't Verified!

In order to create a playlist on Sporcle, you need to verify the email address you used during registration. Go to your Sporcle Settings to finish the process.

Report this User

Report this user for behavior that violates our Community Guidelines.

Details: